000 00261nam a22001217a 4500
008 171024b xxu||||| |||| 00| 0 eng d
041 _aeng
080 _a311
100 _a55
101 _aSTA
245 _aTABLES FOR STATISTICIANS
_cARKIN,H
942 _2udc
_cBK
999 _c35638
_d35638